000 00294nam a22001337a 4500
008 170904b xxu||||| |||| 00| 0 eng d
020 _a9780312443184
041 _aeng
080 _23 ED
_a040
100 _a40
101 _aMED
245 _aSPEAKERS GUIDEBOOK
_cHAIR.D
942 _2udc
_cBK
999 _c25976
_d25976